APUSH US Dates - Statistics

General Stats
  • This quiz has been taken 59 times
  • The average score is 13 of 95
Answer Stats
Hint Answer % Correct
1861-1865 Abraham Lincoln Presidency (civil war)
63%
1929-1945 Great Depression and World War II
56%
1941-1945 US involvement in World War II
56%
1754-1763 French and Indian War
51%
1965-1973 Vietnam War
51%
1945-1991 Postwar Era / Cold War
49%
1950-1953 Korean War
46%
1846-1848 Mexican-American War
46%
1775-1781 Revolutionary War
46%
1800-1840 Market Revolution
34%
1914-1918 World War I
34%
1861-1877 Civil War and Reconstruction
29%
1865-1877 Reconstruction
29%
1800-1824 Jeffersonian Era
27%
1676 Bacon's Rebellion
24%
1900-1920 Progressive Era
24%
1812-1815 War of 1812
24%
1607-1763 British Colonial Period
22%
1492-1607 European Exploration
22%
1929-1940 Great Depression
22%
1854 Kansas-Nebraska Act
22%
1820-1860 Antebellum Period
20%
1850 Compromise of 1850
20%
1865-1900 Gilded Age
20%
1820 Missouri Compromise
20%
1781-1789 Articles of Confederation
17%
1964 Civil RIghts Act of 1964
17%
1774 Intolerable Acts
17%
1898 Spanish-American War
17%
1791-1811 First Bank of US
15%
1790's-mid-1800's Industrial Revolution in US
15%
1823 Monroe DOctrine
15%
1816-1836 Second Bank of US
15%
1765 Stamp Act
15%
1965 Voting Rights Act of 1965
15%
1770 Boston Massacre
12%
1773 Boston Tea Party
12%
1961-1989 Berlin Wall
10%
1791 Bill of Rights
10%
1962 Cuban Missile Crisis
10%
1863 Emancipation Proclamation
10%
1816-1824 Era of Good Feelings
10%
1979-1981 Iran Hostage Crisis
10%
1803 Louisiana Purchase
10%
1933-1939 New Deal
10%
1920-1933 Prohibition
10%
1929 Stock Market Crash
10%
1940's-1960's Civil RIghts Movement
7%
1789-1797 George Washington Presidency
7%
1730's-1740's Great Awakening
7%
1680 Pueblo Revolt
7%
1924 Quota Act
7%
1920-1929 Roaring 20s
7%
1820's-1830's Second Great Awakening
7%
1801-1809 Thomas Jefferson Presidency
7%
1920 19th Amendment
5%
1829-1837 Andrew Jackson Presidency
5%
1953-1961 Eisenhower Presidency
5%
Late 1600's-1700's Enlightenment
5%
Mid-1960's Great Society
5%
1803 Marbury v. Madison
5%
1620 Mayflower Lands
5%
1973 Oil Embargo
5%
1981-1989 Ronald reagan Presidency
5%
1838 Trail of Tears
5%
1919 Treaty of Versailles
5%
1913-1921 Woodrow Wilson Presidency
5%
1954 Brown v. Board of Education
2%
1931-1938 Dust Bowl
2%
1933-1945 Franklin Roosevelt Presidency
2%
1939 Germany invades Poland
2%
1890's-early 1900's Imperial Age
2%
1607 Jamestown Settlement Established
2%
1832 Nullification crisis
2%
1896 Plessy v. Ferguson
2%
1763 Proclamation Line
2%
1969-1974 Richard Nixon Presidency
2%
1955 Rosa Parks/Montgomery Bus Boycott
2%
1901-1909 Teddy Roosevelt Presidency
2%
1783 Treat of Paris
2%
1788 US Constitution Ratified
2%
1830's-1860's Abolition Movement
0%
1798 Alien Sedition Acts
0%
1793 Cotton Gin Invented
0%
1857 Dred Scott Decision
0%
1790's-1816 First Party System
0%
1815 Henry Clay's American System
0%
1961-1963 John F Kenndey Presidency
0%
1784-1787 Land Ordinances
0%
1890's Populist Movement
0%
1763-1800 Revolution and Foundation of Gov.
0%
Early 1830's-1850's Second Party System
0%
1991 Soviet Union DIssolves
0%
1836-1845 Texas Rebuplic
0%
1869 Transcontinental Railroad
0%
No matching quizzes found
Score Distribution
Percent of People with Each Score
Percentile by Number Answered
Your Score History
You have not taken this quiz